01576nam a22002417a 4500003000800000005001700008006001900025007000300044008004100047020001800088040001700106041000800123050001500131100004300146245010200189260003700291300004700328520079700375942001501172946000801187999001901195952012001214BJBSDDR20260511175919.0a|||||r|||| 00| 0 ta260511s20011990nyu|||||r|||| 00| 0 eng d a9780802144652 bspacBJBSDDR aeng bC521h 20011 aChernow, Ron,q(Ronald), d1949-9688214aThe house of Morgan :ban American banking dynasty and the rise of modern finance /cRon Chernow. aNew York :b Grove Press, c2001 axvii, 812 pages :billustrations ;c 23 cm aTells the story of four generations of Morgans and the powerful, secretive firms they spawned that would transform the modern financial world. Tracing the trajectory of J.P. Morgan's empire from its obscure beginnings in Victorian London to the financial crisis of 1987, Chernow paints a portrait of the family's private saga and the rarefied world of the American and British elite in which they moved, including Charles Lindbergh, Henry Ford, Franklin Roosevelt, Nancy Astor, and Winston Churchill. An account of a remarkable institution and the men who ran it, this book provides a look at the real power -- the money -- behind the historical events, the eminent statesmen, and the industrial empires that have transformed the world in the last century and a half. --Publisher description. 2lccn0cBK illh c127051d127051 00102lcc40708APTaBJBbBJBcAPTd2026-05-11l0oC521h 2001p00000200082r2026-05-11 17:59:35t1w2026-05-11yBK